Elementary building construction and drawing / (Record no. 2042)

MARC details
000 -LEADER
fixed length control field 00759cam a2200265u 4500
001 - CONTROL NUMBER
control field BD-DhSAU 2042
001 - CONTROL NUMBER
control field 7821833
003 - CONTROL NUMBER IDENTIFIER
control field BD-DhSAU
005 - DATE AND TIME OF LATEST TRANSACTION
control field 20150126103252.0
008 - FIXED-LENGTH DATA ELEMENTS--GENERAL INFORMATION
fixed length control field 820522s1935 enka 001 0 eng
040 ## - CATALOGING SOURCE
Original cataloging agency BD-DhSAU
082 ## - DEWEY DECIMAL CLASSIFICATION NUMBER
Edition number 22
Classification number 691
Item number BUE
100 1# - MAIN ENTRY--PERSONAL NAME
Personal name Burrell, Edward J.
245 10 - TITLE STATEMENT
Title Elementary building construction and drawing /
Statement of responsibility, etc. Edward J. Burrell
260 ## - PUBLICATION, DISTRIBUTION, ETC. (IMPRINT)
Place of publication, distribution, etc. London :
Name of publisher, distributor, etc. Longmans, Green and co. ,
Date of publication, distribution, etc. 1935.
300 ## - PHYSICAL DESCRIPTION
Extent viii, 280 p. :
Other physical details ill. ;
Dimensions 19 cm.
504 ## - BIBLIOGRAPHY, ETC. NOTE
Bibliography, etc includes index
590 ## - Name of Cataloguer
Name of Cataloger tamanna
650 #0 - SUBJECT ADDED ENTRY--TOPICAL TERM
Topical term or geographic name as entry element Building.
650 #0 - SUBJECT ADDED ENTRY--TOPICAL TERM
Topical term or geographic name as entry element Agricultural engineering
650 #0 - SUBJECT ADDED ENTRY--TOPICAL TERM
Topical term or geographic name as entry element Construction materials
650 #0 - SUBJECT ADDED ENTRY--TOPICAL TERM
Topical term or geographic name as entry element Fire insurance.
700 1# - ADDED ENTRY--PERSONAL NAME
Personal name edited by Butler, Maurice.
700 1# - ADDED ENTRY--PERSONAL NAME
Personal name edited by Skinner, Edwin G.
942 ## - ADDED ENTRY ELEMENTS (KOHA)
Source of classification or shelving scheme Dewey Decimal Classification
Koha item type Book
Holdings
Withdrawn status Lost status Source of classification or shelving scheme Damaged status Not for loan Home library Branch Name Shelving location Date acquired Total Checkouts Full call number Barcode Date last seen Price effective from Koha item type
    Dewey Decimal Classification     SAU Library SAU Library General Stacks 05/07/2007   691 BUE 32359 26/01/2015 26/01/2015 Book